Paroles : Une femme avec toi - Nicole Croisille - Statistiques

Statistiques générales
  • Ce quiz a été pris 27 fois
    15 depuis la dernière actualisation
  • Le résultat moyen est 130 sur 199
Statistiques - réponses
Réponse % Correct
à
100%
avec
100%
Et
100%
et
100%
Femme
100%
femme
100%
il
100%
Je
100%
je
100%
me
100%
suis
100%
toi
100%
Toi
100%
tu
100%
Tu
100%
de
89%
des
89%
es
89%
la
89%
le
89%
quand
89%
Quand
89%
que
89%
un
89%
une
89%
au
78%
comme
78%
du
78%
homme
78%
l'amour
78%
Les
78%
moi
78%
peu
78%
pour
78%
qu'il
78%
sait
78%
tout
78%
aura
67%
Ce
67%
ce
67%
dans
67%
devenue :
67%
étais
67%
italien
67%
mon
67%
ta
67%
Ton
67%
ton
67%
vin
67%
enfin
56%
fois
56%
gai
56%
Ils
56%
Nous
56%
première
56%
sentie :
56%
tous
56%
vie
56%
bizarres
44%
C'est
44%
cet
44%
chantais
44%
fréquentais
44%
hommes
44%
ressemblais
44%
seule
44%
si
44%
temps
44%
alors
33%
chante
33%
était
33%
gentil
33%
leurs
33%
33%
Près
33%
quoi
33%
rencontré
33%
sais
33%
t'ai
33%
toujours
33%
Aussi
22%
autres
22%
cendre
22%
cigares
22%
court
22%
enfant
22%
faisons
22%
fasse
22%
légers
22%
n'étaient
22%
parait
22%
Parceque
22%
qu'on
22%
sourire
22%
air
11%
Aujourd'hui
11%
belle
11%
blancs
11%
château
11%
châteaux
11%
chevaux
11%
clair
11%
d'avant
11%
désert
11%
donnaient
11%
doré
11%
droit
11%
galopaient
11%
grave
11%
J'étais
11%
lumière
11%
marchais
11%
paille
11%
perdais
11%
rendre
11%
s'enterraient,
11%
soirées
11%
vers
11%
Versailles
11%
visage
11%
vivant
11%
Aucun quiz correspondant
Distribution des résultats
% des personnes avec chaque résultat
Percentile par nombre de réponses
Votre historique - résultats
Vous n’avez pas pris ce quiz depuis la dernière actualisation